000 00742cam a22002533a 4500
001 31218
003 PGUSA
005 20140828083656.0
008 100208s2010||||xxu|||||s|||||000 1 eng d
040 _aPGUSA
_beng
042 _adc
050 4 _aPT
100 1 _aMann, Heinrich,
_d1871-1950
245 1 0 _aFlöten und Dolche :
_bNovellen
_h[electronic resource] /
_cHeinrich Mann
260 _bProject Gutenberg,
_c2010
505 0 _aPippo Spano -- Fulvia -- Drei-Minuten-Roman -- Ein Gang vors Tor.
506 _aPublic domain in the USA.
516 _aElectronic text
653 _aShort stories
653 _aGerman fiction
830 0 _aProject Gutenberg
_v31218
856 4 0 _uhttp://www.gutenberg.org/ebooks/31218
942 _cEB
999 _c260473
_d260473